|
|
|
|
| LEADER |
00000nab a2200000 a 4500 |
| 001 |
vtls009953269 |
| 003 |
SK-MaSNL |
| 005 |
20260304152619.0 |
| 008 |
250506c2009 xo |||||||||||000 b|slo |
| 015 |
|
|
|a SNBRB2009/09
|2 snkbucl
|
| 035 |
|
|
|a (uuid)dff21e61-6657-47d3-99f4-daec10eac070
|
| 035 |
|
|
|a urn:nbn:sk:snk-abf5gq
|
| 035 |
|
|
|a (urnnbn)urn:nbn:sk:snk:ar-007hz1
|
| 038 |
|
|
|a SNKBUCL
|
| 040 |
|
|
|a SNKBUCL
|b slo
|c SNKBUCL
|e AACR2
|
| 041 |
0 |
|
|a slo
|
| 044 |
|
|
|a xo
|c SK
|
| 080 |
|
|
|a 625.711.3:061.5
|x (437.6)
|2 2001
|
| 245 |
0 |
0 |
|a Najdôležitejšie udalosti Národnej diaľničnej spoločnosti, a.s., v roku 2008
|
| 300 |
|
|
|b Fotogr.
|
| 610 |
2 |
7 |
|a Národná diaľničná spoločnosť
|2 snkbucl
|9 251549
|
| 650 |
0 |
7 |
|a cestné stavby
|2 snkbucl
|9 63766
|
| 650 |
0 |
7 |
|a diaľnice
|2 snkbucl
|9 14603
|
| 773 |
0 |
|
|t Inžinierske stavby = Inženýrské stavby
|g Roč. 57, č. 4 (2009), s. 26-27
|x 1335-0846
|
| 850 |
|
|
|a Slovenská národná knižnica
|
| 852 |
|
|
|a Slovenská národná knižnica
|
| 954 |
|
|
|a odborná, vedecká literatúra pôvodná (slovenská)
|2 lita
|
| 958 |
|
|
|a article2022
|
| 958 |
|
|
|a SK
|
| 958 |
|
|
|a OND
|
| 958 |
|
|
|a EUIPO
|
| 999 |
|
|
|c 2950067
|d 2951997
|